000 00446nam a2200181Ia 4500
001 23253
005 20260414150925.0
008 260414t2014||||xx |||||||||||||| ||spa||
041 _aESP
082 _a627.58
_bN36
100 _aNegro Valdecantos, Vicente
_eAUT
245 0 _aProblemas resueltos de obras marítimas
_b
260 _c2014
300 _a196 páginas :
_c24 cm.
650 _a0
654 _aCIC
942 _cLIB
_dJUS
_fJUS
_2ddc
_n
999 _c23253
_d23253